South Eastern Kenya University

Library Online Public Access Catalogue


The Bolshoi : (Record no. 8924)

MARC details
000 -LEADER
fixed length control field 00912pam a2200265 a 4500
001 - CONTROL NUMBER
control field 1370080
003 - CONTROL NUMBER IDENTIFIER
control field OSt
005 - DATE AND TIME OF LATEST TRANSACTION
control field 20150915151207.0
008 - FIXED-LENGTH DATA ELEMENTS--GENERAL INFORMATION
fixed length control field 810310s1979 nyua 001 0 eng
010 ## - LIBRARY OF CONGRESS CONTROL NUMBER
LC control number 81004934
020 ## - INTERNATIONAL STANDARD BOOK NUMBER
International Standard Book Number 0517344513 :
Terms of availability $29.95
040 ## - CATALOGING SOURCE
Original cataloging agency SEKU
043 ## - GEOGRAPHIC AREA CODE
Geographic area code e-ur---
050 00 - LIBRARY OF CONGRESS CALL NUMBER
Classification number ML 1741.8 .M72
Item number G7 1979b
100 1# - MAIN ENTRY--PERSONAL NAME
Personal name Pokrovskiĭ, B.
Fuller form of name (Boris),
Dates associated with a name 1912-2009.
245 14 - TITLE STATEMENT
Title The Bolshoi :
Remainder of title opera and ballet at the greatest theater in Russia
Statement of responsibility, etc. Boris Alexandrovich Pokrovsky and Yuri Nikolayevich Grigorovich ; [translated from the Russian and Italian by Daryl Hislop].
260 ## - PUBLICATION, DISTRIBUTION, ETC. (IMPRINT)
Place of publication, distribution, etc. New York :
Name of publisher, distributor, etc. Park Lane,
Date of publication, distribution, etc. c1979.
300 ## - PHYSICAL DESCRIPTION
Extent 238 p. :
Other physical details col. ill. ;
Dimensions 30 cm.
500 ## - GENERAL NOTE
General note Includes index.
610 20 - SUBJECT ADDED ENTRY--CORPORATE NAME
Corporate name or jurisdiction name as entry element Bolʹshoĭ teatr SSSR.
650 #0 - SUBJECT ADDED ENTRY--TOPICAL TERM
Topical term or geographic name as entry element Opera
Geographic subdivision Russia (Federation)
-- Moscow.
650 #0 - SUBJECT ADDED ENTRY--TOPICAL TERM
Topical term or geographic name as entry element Ballet.
700 1# - ADDED ENTRY--PERSONAL NAME
Personal name Grigorovich, I︠U︡riĭ Nikolaevich,
Dates associated with a name 1927-
942 ## - ADDED ENTRY ELEMENTS (KOHA)
Source of classification or shelving scheme Library of Congress Classification
Koha item type General circulation
Holdings
Withdrawn status Lost status Source of classification or shelving scheme Damaged status Not for loan Home library Current library Shelving location Date acquired Source of acquisition Total Checkouts Full call number Barcode Date last seen Price effective from Koha item type Public note
    Library of Congress Classification     Main Campus Library Main Campus Library General Stacks 15/09/2015 Donation-Books for Africa   ML 1741.8 .M72 G7 1979 2015/007945 15/09/2015 15/09/2015 General circulation amk
Kitui, Kenya.
+254736116989
library@seku.ac.ke